Gnoseología / (Record no. 95363)

MARC details
000 -LEADER
campo de control de longitud fija 00897nam a2200241 i 4500
001 - NÚMERO DE CONTROL
campo de control 95363
003 - IDENTIFICADOR DE NÚMERO DE CONTROL
campo de control ES-MaACL
005 - FECHA Y HORA DE LA ÚLTIMA TRANSACCIÓN
campo de control 20250824231149.0
007 - CAMPO FIJO DE DESCRIPCIÓN FÍSICA--INFORMACIÓN GENERAL
campo de control de longitud fija t|
008 - DATOS DE LONGITUD FIJA--INFORMACIÓN GENERAL
campo de control de longitud fija 050527s1984 sp ||||1| spa d
020 ## - NÚMERO INTERNACIONAL ESTÁNDAR DEL LIBRO
Número Internacional Estándar del Libro 84-313-0781-1
100 1# - ENTRADA PRINCIPAL--NOMBRE DE PERSONA
Nombre de persona Llano, Alejandro.
9 (RLIN) 72694
245 10 - MENCIÓN DEL TÍTULO
Título Gnoseología /
Mención de responsabilidad, etc. Alejandro Llano.
250 ## - MENCION DE EDICION
Mención de edición 1ª ed., 1ª reimp.
260 ## - PUBLICACIÓN, DISTRIBUCIÓN, ETC.
Lugar de publicación, distribución, etc. Pamplona :
Nombre del editor, distribuidor, etc. Universidad de Navarra,
Fecha de publicación, distribución, etc. 1984.
300 ## - DESCRIPCIÓN FÍSICA
Extensión 151 p. ;
Dimensiones 22 cm.
490 1# - MENCIÓN DE SERIE
Mención de serie Publicaciones de la Facultad de Filosofía y Letras de la Universidad de Navarra. Libros de iniciación filosófica ;
Designación de volumen o secuencia 4
504 ## - NOTA DE BIBLIOGRAFÍA, ETC.
Nota de bibliografía, etc. Bibliografía. Indice.
710 2# - ENTRADA AGREGADA--NOMBRE DE ENTIDAD CORPORATIVA
Nombre de entidad corporativa o nombre de jurisdicción como elemento de entrada Universidad de Navarra.
Unidad subordinada Facultad de Filosofía y Letras.
9 (RLIN) 7254
830 00 - PUNTO DE ACCESO ADICIONAL DE SERIE-TÍTULO UNIFORME
Título uniforme Publicaciones de la Facultad de Filosofía y Letras de la Universidad de Navarra
Designación de volumen o secuencia 4
9 (RLIN) 242043
852 ## - LOCALIZACIÓN
Ubicación ES-MaACL
Número de control de estantería G-3493
Sublocalización o colección R.114647
Holdings
Estatus retirado Estado de pérdida Estado de daño No para préstamo Biblioteca de origen Biblioteca actual Ubicación en estantería Fecha de adquisición Fuente de adquisición Total de préstamos Signatura topográfica completa Código de barras Visto por última vez Precio de reemplazo Tipo de ítem Koha
        Biblioteca del Ateneo de Madrid Biblioteca del Ateneo de Madrid Depósito 2 17/01/2008     G-3493 1099579 23/02/2023 23/02/2023 Libro impreso